000 00473nam a22001937a 4500
003 MPLRDC
005 20220104160023.0
008 210129b ||||| |||| 00| 0 eng d
020 _a957-664-269-8
082 _a411.4 MXQ
100 _a木下勤
245 _a完美的天然食品. 青汁
_c
250 _a初版
260 _a台湾
_b正义出版社
_c1998
300 _b
490 _a健康丛书. 324
650 _a饮料与健康
942 _cBK
_o411.4 MXQ
999 _c54778
_d54768